| 000 | 00719cam a2200181 a 4500 | ||
|---|---|---|---|
| 020 | _a0070654336 : | ||
| 082 | 0 |
_a624.17 _bTUM _cL-20, P-181 |
|
| 100 | 1 |
_aTuma, Jan J. _93085 |
|
| 245 | 1 | 0 |
_aHandbook of structural and mechanical matrices : _bdefinitions, transport matrices, stiffness matrices, finite differences, finite elements, graphs and tables of matrix coefficients / _cJan J. Tuma. |
| 260 |
_aNew York : _bMcGraw-Hill, _cc1988. |
||
| 300 |
_ax, 556 p. : _bill. ; _c25 cm. |
||
| 500 | _aIncludes index. | ||
| 526 |
_a0 _b0 _c0 _d624_170000000000000_TUM |
||
| 526 |
_a0 _b0 _c0 _d624_170000000000000_TUM |
||
| 650 | 0 |
_aMCE _9379 |
|
| 650 | 0 |
_aStructural analysis (Engineering) _xMatrix methods _91143 |
|
| 942 |
_2ddc _cBK |
||
| 999 |
_c546513 _d546513 |
||